[Event "Szachy na pełnej kurwie (Single Version)"]
[Site "SchemingMind.com"]
[Date "2016.02.05"]
[Round "-"]
[White "Darnell"]
[Black "Michal Drus"]
[Result "0-1"]
[WhiteCountry "CAN"]
[BlackCountry "POL"]
[WhiteElo "1484"]
[WhiteRD "79"]
[BlackElo "1476"]
[BlackRD "70"]
[GameID "395055"]

1. e4 c5 2. Nf3 d6 3. d4 Bg4 4. Nc3 cxd4 5. Qxd4 Bxf3 6. gxf3 Nc6 7. Bb5 a6 8. Ba4 b5 9. Qd5 Qb6 10. Bb3 e6
11. Qd3 Ne5 12. Qe3 Qxe3+ 13. Bxe3 Nxf3+ 14. Ke2 Ne5 15. Rhg1 Nc4 16. Bxc4 bxc4 17. Rad1 Be7 18. Rxg7 Bf6 19. Rgg1 Bxc3 20. bxc3 O-O-O
0-1

[Event "Szachy na pełnej kurwie (Single Version)"]
[Site "SchemingMind.com"]
[Date "2016.02.05"]
[Round "-"]
[White "Darnell"]
[Black "frankly"]
[Result "0-1"]
[WhiteCountry "CAN"]
[BlackCountry "ENG"]
[WhiteElo "1584"]
[WhiteRD "79"]
[BlackElo "2449"]
[BlackRD "55"]
[GameID "395056"]

1. e4 c5 2. Nf3 Nc6 3. d4 cxd4 4. Nxd4 Nf6 5. Nc3 e5 6. Nde2 Bc5 7. Bg5 Qb6 8. Bh4 Ng4 9. f3 Ne3 10. Qd2 Qxb2
0-1

[Event "Szachy na pełnej kurwie (Single Version)"]
[Site "SchemingMind.com"]
[Date "2016.02.09"]
[Round "-"]
[White "fanfan_la_Tulipe"]
[Black "miriskra"]
[Result "1-0"]
[WhiteCountry "AUT"]
[BlackCountry "WLS"]
[WhiteElo "2184"]
[WhiteRD "88"]
[BlackElo "1602"]
[BlackRD "66"]
[GameID "395171"]

1. Nf3 Nf6 2. c4 c5 3. b3 g6 4. Bb2 Bg7 5. g3 O-O 6. Bg2 Nc6 7. O-O d6 8. Nc3 Bd7 9. e3 a6 10. Qe2 Rb8
11. d4 cxd4 12. exd4 b5 13. d5 Na7 14. cxb5 Nxb5 15. Rfe1 Nxc3 16. Bxc3 Nxd5 17. Bxg7 Kxg7 18. Qxa6 Nb4 19. Qe2 Nc6 20. Qb2+ Kg8
21. Nd4 Nxd4 22. Qxd4 Re8 23. b4
1-0

[Event "Szachy na pełnej kurwie (Single Version)"]
[Site "SchemingMind.com"]
[Date "2016.02.08"]
[Round "-"]
[White "Michal Drus"]
[Black "fanfan_la_Tulipe"]
[Result "0-1"]
[WhiteCountry "POL"]
[BlackCountry "AUT"]
[WhiteElo "1469"]
[WhiteRD "70"]
[BlackElo "2184"]
[BlackRD "78"]
[GameID "395172"]

1. e4 e5 2. Nf3 Nc6 3. d4 exd4 4. Nxd4 Bc5 5. Nxc6 Qf6 6. Qd2 dxc6 7. Bc4 Bd7 8. O-O O-O-O 9. Qg5 Qxg5 10. Bxg5 f6
11. Bf4 Ne7 12. e5 Ng6 13. Bg3 Nxe5 14. Bxe5 fxe5 15. Nc3 Bf5 16. Rfe1 Rhe8 17. Re2 Bd4 18. Bd3 Bxd3 19. cxd3 Bxc3 20. bxc3 Rxd3
21. c4 Rc3 22. h4 Rxc4 23. Kh2 Rxh4+ 24. Kg3 g5 25. Rae1 Ra4 26. Rxe5 Rxe5 27. Rxe5 h6 28. Re2 c5 29. Re6 Rh4 30. Kf3 Kd7
0-1

[Event "Szachy na pełnej kurwie (Single Version)"]
[Site "SchemingMind.com"]
[Date "2016.02.09"]
[Round "-"]
[White "fanfan_la_Tulipe"]
[Black "smothered mate"]
[Result "1/2-1/2"]
[WhiteCountry "AUT"]
[BlackCountry "POL"]
[WhiteElo "2085"]
[WhiteRD "86"]
[BlackElo "1966"]
[BlackRD "85"]
[GameID "395173"]

1. Nf3 d5 2. c4 e6 3. b3 dxc4 4. bxc4 Nf6 5. Bb2 b6 6. g3 Bb7 7. Bg2 Nbd7 8. O-O Be7 9. Nc3 O-O 10. d4 c6
11. e4 Bb4 12. Qc2 Qc7 13. e5 Ne8 14. Ng5 g6 15. Rad1 Ng7 16. a3 Be7 17. Nge4 Ne8 18. Na4 Rc8 19. f4 b5 20. Nac5 Nxc5
21. dxc5 Ba6 22. Nd6 Rb8 23. Bd4 bxc4 24. Nxc4 Ng7 25. Rfe1 Bxc4 26. Qxc4 Rfd8 27. Qa4 Rb5 28. Rc1 Nf5 29. Bf2 h5 30. Be4 Rd2
31. Red1 Rxd1+ 32. Qxd1 a5 33. Qf3 Qb8 34. Bxf5 exf5 35. Qxc6 Kg7 36. Qd7 Rb7 37. Qa4 Bd8 38. c6 Rb2 39. e6 Bb6 40. Bd4+ Kh7
41. Rd1 Qa7 42. Bxb6 Qxb6+ 43. Qd4 fxe6 44. c7 Qxd4+ 45. Rxd4 Rc2 46. Rd7+ Kh6 47. h4 a4 48. Kf1 g5 49. hxg5+ Kg6 50. Re7 h4
51. gxh4 Kh5 52. Ke1 Rc6 53. Rh7+ Kg4 54. g6 Kxf4 55. g7 Ke3 56. Kd1 Rd6+ 57. Kc2 Rc6+ 58. Kd1 Rd6+ 59. Ke1 Rc6 60. Kf1 Kf3
61. Kg1 Rc1+ 62. Kh2 Rc2+ 63. Kh3 Rc1 64. Kh2=
1/2-1/2

[Event "Szachy na pełnej kurwie (Single Version)"]
[Site "SchemingMind.com"]
[Date "2016.02.08"]
[Round "-"]
[White "fanfan_la_Tulipe"]
[Black "emvarela"]
[Result "1-0"]
[WhiteCountry "AUT"]
[BlackCountry "ARG"]
[WhiteElo "2177"]
[WhiteRD "82"]
[BlackElo "1680"]
[BlackRD "49"]
[GameID "395174"]

1. Nf3 d5 2. c4 dxc4 3. Na3 c5 4. Nxc4 b5 5. Ne3 Nf6 6. g3 e6 7. Bg2 Bb7 8. O-O Qc7 9. b3 Bd6 10. Bb2 Nbd7
11. Rc1 Bxf3 12. Bxf3 Rc8 13. d4 Qb6 14. d5 exd5 15. Nxd5 Nxd5 16. Qxd5
1-0

[Event "Szachy na pełnej kurwie (Single Version)"]
[Site "SchemingMind.com"]
[Date "2016.02.08"]
[Round "-"]
[White "Timaeus"]
[Black "fanfan_la_Tulipe"]
[Result "0-1"]
[WhiteCountry "JPN"]
[BlackCountry "AUT"]
[WhiteElo "1417"]
[WhiteRD "74"]
[BlackElo "2179"]
[BlackRD "88"]
[GameID "395175"]

1. e4 e5 2. Bc4 Nf6 3. Nc3 Nc6 4. Nf3 Nxe4 5. Nxe4 d5 6. Nxe5 Nxe5 7. Bb5+ c6 8. d4 dxe4 9. Ba4 Ng6 10. d5 Qa5+
11. Bd2 Qxa4 12. b3 Qa6 13. dxc6 Qxc6 14. O-O Be7 15. Re1 O-O 16. Re3 Rd8 17. Qe2 Rxd2 18. Qxd2 Bg5 19. Rae1 Bxe3 20. Rxe3 Be6
21. c4 Re8 22. Qd4 f5 23. Qxa7 Rd8 24. Qa5 b6 25. Qe1 Bf7 26. g3 Ne5 27. Qc3 Nf3+ 28. Kg2 Rd1 29. Rxf3 exf3+ 30. Qxf3 Rg1+
31. Kxg1 Qxf3
0-1

[Event "Szachy na pełnej kurwie (Single Version)"]
[Site "SchemingMind.com"]
[Date "2016.02.09"]
[Round "-"]
[White "Darnell"]
[Black "fanfan_la_Tulipe"]
[Result "0-1"]
[WhiteCountry "CAN"]
[BlackCountry "AUT"]
[WhiteElo "1584"]
[WhiteRD "79"]
[BlackElo "2192"]
[BlackRD "72"]
[GameID "395176"]

1. e4 e5 2. Nf3 Nc6 3. Bc4 Nf6 4. d4 exd4 5. Ng5 d5 6. exd5 Qe7+ 7. Qe2 Qxe2+ 8. Bxe2 Nxd5 9. Bc4 Nce7 10. O-O h6
11. Nf3 c5 12. Re1 Be6 13. c3 dxc3 14. Bxd5 Nxd5
0-1

[Event "Szachy na pełnej kurwie (Single Version)"]
[Site "SchemingMind.com"]
[Date "2016.02.09"]
[Round "-"]
[White "Scooter"]
[Black "fanfan_la_Tulipe"]
[Result "0-1"]
[WhiteCountry "USA"]
[BlackCountry "AUT"]
[WhiteElo "1710"]
[WhiteRD "48"]
[BlackElo "2184"]
[BlackRD "81"]
[GameID "395177"]

1. d4 Nf6 2. Nf3 g6 3. Bf4 Bg7 4. e3 c5 5. c3 b6 6. Bd3 O-O 7. O-O Bb7 8. Nbd2 Nc6 9. Ne5 d6 10. Nxc6 Bxc6
11. h3 Re8 12. Be2 e5 13. dxe5 dxe5 14. Bg5 Qc7 15. Bxf6 Bxf6 16. e4 Rad8 17. Qc2 Qb7 18. Rfd1 Bg5 19. Bf3 b5 20. Nb3 Qb6
21. Rxd8 Rxd8 22. Rd1 Rxd1+ 23. Qxd1 c4 24. Nc1 Qb7 25. Ne2 Bxe4 26. Bxe4 Qxe4 27. Ng3 Qd3 28. Qe1 Bf6 29. Ne4 Bg7 30. Nc5 Qd5
31. Ne4 f5 32. Ng3 e4 33. Ne2 g5 34. Qc1 f4 35. Kf1 Qd3 36. Ke1 h6 37. Qd1 Kf7 38. Qxd3 cxd3 39. Nc1 Ke6 40. Kd2 Kd5
41. f3 Ke5 42. fxe4 Kxe4 43. Nxd3 f3 44. g3 f2 45. Nxf2+ Kf3 46. Ke1 Kxg3 47. Ke2 Bf8 48. b4 h5 49. Ne4+ Kf4 50. Kd3 g4
51. hxg4 hxg4 52. Nf2 g3 53. Nh3+ Kg4 54. Ng1 g2 55. a3 Kg3 56. Ne2+ Kf2 57. Kd2 Bh6+ 58. Kd3 Bc1
0-1

[Event "Szachy na pełnej kurwie (Single Version)"]
[Site "SchemingMind.com"]
[Date "2016.02.09"]
[Round "-"]
[White "frankly"]
[Black "fanfan_la_Tulipe"]
[Result "1-0"]
[WhiteCountry "ENG"]
[BlackCountry "AUT"]
[WhiteElo "2433"]
[WhiteRD "56"]
[BlackElo "2184"]
[BlackRD "81"]
[GameID "395178"]

1. d4 Nf6 2. Nf3 g6 3. c4 Bg7 4. Nc3 d5 5. cxd5 Nxd5 6. e3 O-O 7. Bc4 Nxc3 8. bxc3 c5 9. O-O Qc7 10. Qe2 Bg4
11. Rb1 Nc6 12. Bd3 e5 13. d5 Ne7 14. e4 f5 15. d6 Qxd6 16. Rxb7 Kh8 17. Rd1 Qf6 18. Bg5 Bxf3 19. Bxf6 Bxe2 20. Bxg7+ Kxg7
21. Bxe2 Rfe8 22. Rdd7 Kf8 23. exf5
1-0

[Event "Szachy na pełnej kurwie (Single Version)"]
[Site "SchemingMind.com"]
[Date "2016.02.13"]
[Round "-"]
[White "fanfan_la_Tulipe"]
[Black "DANDYLIONHONEYBADGER"]
[Result "1-0"]
[WhiteCountry "AUT"]
[BlackCountry "USA"]
[WhiteElo "2184"]
[WhiteRD "88"]
[BlackElo "1334"]
[BlackRD "59"]
[GameID "395179"]

1. Nf3 d6 2. e4 e5 3. d4 exd4 4. Nxd4 c5 5. Nf3 Bd7 6. Nc3 f6 7. Bc4 Ne7 8. O-O Nec6 9. Nh4 Nd4 10. Qh5+ g6
11. Nxg6 Be6 12. Nxh8+ Kd7 13. Bxe6+ Nxe6 14. Qf7+ Qe7 15. Qxe7+ Bxe7 16. Nf7 Ke8 17. Nh6 Nd4 18. Bf4 Nbc6 19. Nf5 Ne5 20. Bxe5 fxe5
21. Nxe7 Kxe7 22. Nd5+ Kd8 23. c3 Ne6 24. f4 exf4 25. Nxf4 Ng5 26. Rae1 Kc7 27. Nd5+ Kc6 28. Rf5 Kb5 29. Nc7+
1-0

[Event "Szachy na pełnej kurwie (Single Version)"]
[Site "SchemingMind.com"]
[Date "2016.02.11"]
[Round "-"]
[White "redmike"]
[Black "miriskra"]
[Result "0-1"]
[WhiteCountry "SCO"]
[BlackCountry "WLS"]
[WhiteElo "1907"]
[WhiteRD "65"]
[BlackElo "1676"]
[BlackRD "63"]
[GameID "395250"]

1. d4 Nf6 2. c4 g6 3. Nc3 Bg7 4. e4 d6 5. f4 O-O 6. Nf3 c5 7. d5 e6 8. Be2 exd5 9. cxd5 a6 10. a4 Re8
11. O-O Nxe4 12. Nxe4 Rxe4 13. Bd3 Rb4 14. f5 Bxf5 15. Bxf5 gxf5 16. Ng5 Bd4+
0-1

[Event "Szachy na pełnej kurwie (Single Version)"]
[Site "SchemingMind.com"]
[Date "2016.02.12"]
[Round "-"]
[White "redmike"]
[Black "Darnell"]
[Result "1-0"]
[WhiteCountry "SCO"]
[BlackCountry "CAN"]
[WhiteElo "2128"]
[WhiteRD "76"]
[BlackElo "1484"]
[BlackRD "79"]
[GameID "395251"]

1. d4 g6 2. c4 Bg7 3. Nc3 d6 4. e4 Nf6 5. f4 O-O 6. Nf3 c5 7. d5 e6 8. Be2 exd5 9. cxd5 Bg4 10. O-O Nbd7
11. h3 Bxf3 12. Bxf3 a6 13. a4 Re8 14. Re1 Qc7 15. Be3
1-0

[Event "Szachy na pełnej kurwie (Single Version)"]
[Site "SchemingMind.com"]
[Date "2016.02.11"]
[Round "-"]
[White "Michal Drus"]
[Black "redmike"]
[Result "0-1"]
[WhiteCountry "POL"]
[BlackCountry "SCO"]
[WhiteElo "1444"]
[WhiteRD "81"]
[BlackElo "2128"]
[BlackRD "73"]
[GameID "395252"]

1. e4 c5 2. Nf3 e6 3. d4 cxd4 4. Nxd4 Qb6 5. Be3 Bc5 6. b3 Nc6 7. Bb5 Nxd4 8. Bxd4 Bxd4 9. c3 Bxf2+ 10. Kf1 Bh4
11. a4 Qf2#
0-1

[Event "Szachy na pełnej kurwie (Single Version)"]
[Site "SchemingMind.com"]
[Date "2016.02.11"]
[Round "-"]
[White "fanfan_la_Tulipe"]
[Black "redmike"]
[Result "1-0"]
[WhiteCountry "AUT"]
[BlackCountry "SCO"]
[WhiteElo "2177"]
[WhiteRD "82"]
[BlackElo "1907"]
[BlackRD "65"]
[GameID "395253"]

1. Nf3 Nf6 2. c4 g6 3. b3 Bg7 4. Bb2 O-O 5. g3 c6 6. Bg2 d5 7. O-O Bf5 8. d3 Na6 9. Nbd2 dxc4 10. Nxc4 Nc7
11. Qc2 Rc8 12. Rad1 Nd7 13. Bxg7 Kxg7 14. Qb2+ Kg8 15. e4 Bg4 16. h3 Bxf3 17. Bxf3 Ne6 18. d4 b5 19. Ne3 a5 20. d5 Ng5
21. Bg2 cxd5 22. Rxd5 Ne6 23. Rfd1 Nec5 24. Qd4 e6 25. Rxd7 Nxd7 26. Qxd7 Qxd7 27. Rxd7 Rc1+ 28. Bf1 Ra1 29. Kg2 Rxa2 30. Bxb5 Rb8
31. Ba4 Rc8 32. Ra7
1-0

[Event "Szachy na pełnej kurwie (Single Version)"]
[Site "SchemingMind.com"]
[Date "2016.02.11"]
[Round "-"]
[White "frankly"]
[Black "redmike"]
[Result "1-0"]
[WhiteCountry "ENG"]
[BlackCountry "SCO"]
[WhiteElo "2468"]
[WhiteRD "55"]
[BlackElo "1907"]
[BlackRD "65"]
[GameID "395254"]

1. d4 Nf6 2. Nf3 g6 3. c4 Bg7 4. Nc3 O-O 5. e4 d6 6. h3 Qe8 7. Bd3 e5 8. dxe5 dxe5 9. O-O c6 10. Qa4 Na6
11. Qa3 b6 12. Be3 c5 13. Rad1 Nb4 14. Bb1 Bb7 15. Rfe1 Nc6 16. Nd5 Qb8 17. h4 Ng4 18. Bd2 Nd4 19. h5 Bxd5 20. cxd5 Qd6
21. Nxd4 exd4 22. Qh3 Qd7 23. h6 Bh8 24. Bd3 Qc8 25. Be2 Ne5 26. Qg3 Qd7 27. b3 f5 28. f4 Nf7 29. e5 Nxh6 30. d6 Ng4
31. b4 Rfe8 32. bxc5 bxc5 33. Qb3+ Kf8 34. Bb5
1-0

[Event "Szachy na pełnej kurwie (Single Version)"]
[Site "SchemingMind.com"]
[Date "2016.02.12"]
[Round "-"]
[White "redmike"]
[Black "smothered mate"]
[Result "1-0"]
[WhiteCountry "SCO"]
[BlackCountry "POL"]
[WhiteElo "2128"]
[WhiteRD "73"]
[BlackElo "1939"]
[BlackRD "65"]
[GameID "395256"]

1. d4 d5 2. c4 e6 3. Nc3 c5 4. cxd5 exd5 5. dxc5 d4 6. Na4 Bxc5 7. Nxc5 Qa5+ 8. Bd2 Qxc5 9. Rc1 Qf5 10. Qa4+ Nc6
11. Nf3 Qe4 12. e3 Bd7 13. Nxd4 Ne5 14. Qc2 Qg4 15. h3 Qg6 16. Qxg6 hxg6 17. Nb5 Kd8 18. Be2 Bc6 19. O-O Nf6 20. Rfd1 Ke7
21. Bb4+ Ke6 22. Nd4+ Kd7 23. Nxc6+
1-0

[Event "Szachy na pełnej kurwie (Single Version)"]
[Site "SchemingMind.com"]
[Date "2016.02.13"]
[Round "-"]
[White "redmike"]
[Black "emvarela"]
[Result "0-1"]
[WhiteCountry "SCO"]
[BlackCountry "ARG"]
[WhiteElo "1907"]
[WhiteRD "65"]
[BlackElo "1680"]
[BlackRD "49"]
[GameID "395257"]

1. d4 Nf6 2. c4 g6 3. Nc3 Bg7 4. e4 d6 5. f4 O-O 6. Nf3 c5 7. d5 Bg4 8. Be2 Bxf3 9. Bxf3 Nbd7 10. O-O a6
11. a4 Qc7 12. Re1 e6 13. e5 dxe5 14. d6 Qc8 15. fxe5 Ne8 16. Bf4 Nb6 17. a5 Nxc4
0-1

[Event "Szachy na pełnej kurwie (Single Version)"]
[Site "SchemingMind.com"]
[Date "2016.02.13"]
[Round "-"]
[White "Timaeus"]
[Black "redmike"]
[Result "0-1"]
[WhiteCountry "JPN"]
[BlackCountry "SCO"]
[WhiteElo "1377"]
[WhiteRD "70"]
[BlackElo "2128"]
[BlackRD "76"]
[GameID "395258"]

1. c4 Nf6 2. d4 g6 3. Bf4 Bg7 4. Nf3 O-O 5. e3 d6 6. Bd3 Nc6 7. Nc3 Re8 8. O-O Nh5 9. Ne4 Nxf4 10. exf4 Nxd4
11. Nxd4 Bxd4 12. Rb1 c5 13. b3 d5 14. Nxc5 Bxc5 15. Qd2 dxc4 16. bxc4 Bf5 17. Rfd1 Bxd3 18. Qxd3 Qxd3 19. Rxd3 Red8 20. Rbd1 Rxd3
21. Rxd3 Bb6 22. Rd7 Rd8 23. Rxd8+ Bxd8 24. g3 Kg7 25. a4 Kf6 26. g4 Ke6
0-1

[Event "Szachy na pełnej kurwie (Single Version)"]
[Site "SchemingMind.com"]
[Date "2016.02.11"]
[Round "-"]
[White "Scooter"]
[Black "redmike"]
[Result "0-1"]
[WhiteCountry "USA"]
[BlackCountry "SCO"]
[WhiteElo "1677"]
[WhiteRD "48"]
[BlackElo "2128"]
[BlackRD "73"]
[GameID "395259"]

1. d4 Nf6 2. Nf3 g6 3. Bf4 Bg7 4. e3 O-O 5. h3 d6 6. Be2 Nbd7 7. O-O c5 8. c3 Re8 9. Nbd2 e5 10. dxe5 dxe5
11. Bg5 h6 12. Bxf6 Bxf6 13. Ne4 Be7 14. Bb5 a6 15. Bxd7 Qxd7 16. Qxd7 Bxd7 17. Rfd1 Bc6 18. Ned2 f6 19. Nc4 Rad8 20. Kf1 Kf7
21. Ke2 e4 22. Nfd2 f5 23. Nb3 Bb5 24. Nd2 Rxd2+ 25. Rxd2 Bxc4+ 26. Ke1 Ke6 27. b3 Bd3 28. c4 Bf6
0-1

[Event "Szachy na pełnej kurwie (Single Version)"]
[Site "SchemingMind.com"]
[Date "2016.02.18"]
[Round "-"]
[White "emvarela"]
[Black "The Stonewall"]
[Result "0-1"]
[WhiteCountry "ARG"]
[BlackCountry "ENG"]
[WhiteElo "1695"]
[WhiteRD "48"]
[BlackElo "2263"]
[BlackRD "82"]
[GameID "395306"]

1. e4 c5 2. Nf3 e6 3. d4 cxd4 4. Nxd4 Nf6 5. Nc3 Nc6 6. Nxc6 bxc6 7. Bd3 d5 8. exd5 cxd5 9. Bg5 Rb8 10. b3 Bb4
11. Bd2 Qc7 12. Ne2 Bd6 13. Ng3 O-O 14. O-O e5 15. c4 e4 16. Be2 d4 17. Bg5 d3 18. Bxd3 exd3 19. Bxf6 gxf6 20. Qxd3 Rd8
21. Qf3 Be5 22. Rad1 Bb7 23. Qg4+ Kh8 24. f4 Rxd1 25. Rxd1 Bxf4 26. Rd7 Qb6+
0-1

[Event "Szachy na pełnej kurwie (Single Version)"]
[Site "SchemingMind.com"]
[Date "2016.02.14"]
[Round "-"]
[White "The Stonewall"]
[Black "smothered mate"]
[Result "1-0"]
[WhiteCountry "ENG"]
[BlackCountry "POL"]
[WhiteElo "2238"]
[WhiteRD "77"]
[BlackElo "1939"]
[BlackRD "65"]
[GameID "395307"]

1. e4 e6 2. d4 d5 3. Bd3 Nf6 4. e5 Nfd7 5. Nf3 c5 6. c3 f6 7. Ng5 Qb6 8. Qh5+ g6 9. Bxg6+ hxg6 10. Qxg6+ Kd8
11. Nf7+ Kc7 12. exf6 Rh4 13. Qg3+ Kc6 14. Qxh4 cxd4 15. cxd4 Bb4+ 16. Nc3
1-0

[Event "Szachy na pełnej kurwie (Single Version)"]
[Site "SchemingMind.com"]
[Date "2016.02.14"]
[Round "-"]
[White "miriskra"]
[Black "The Stonewall"]
[Result "0-1"]
[WhiteCountry "WLS"]
[BlackCountry "ENG"]
[WhiteElo "1602"]
[WhiteRD "66"]
[BlackElo "2263"]
[BlackRD "82"]
[GameID "395308"]

1. Nf3 f5 2. g3 Nf6 3. Bg2 d6 4. d4 e6 5. O-O Be7 6. c3 O-O 7. Bg5 Bd7 8. Nbd2 Nc6 9. Bxf6 Bxf6 10. e4 fxe4
11. Nxe4 Be7 12. b4 a5 13. b5 Na7 14. a4 Nc8 15. Qd3 Nb6 16. c4 Qe8 17. Neg5 Rf5
0-1

[Event "Szachy na pełnej kurwie (Single Version)"]
[Site "SchemingMind.com"]
[Date "2016.02.14"]
[Round "-"]
[White "Timaeus"]
[Black "The Stonewall"]
[Result "0-1"]
[WhiteCountry "JPN"]
[BlackCountry "ENG"]
[WhiteElo "1377"]
[WhiteRD "70"]
[BlackElo "2249"]
[BlackRD "84"]
[GameID "395309"]

1. c4 g6 2. d4 Bg7 3. Nf3 d6 4. Bf4 c5 5. e3 Nc6 6. Bd3 cxd4 7. Nxd4 Nxd4 8. exd4 Bxd4 9. Nc3 Nf6 10. O-O O-O
11. Bh6 Re8 12. Re1 Bxf2+ 13. Kxf2 Ng4+ 14. Kg1 Qb6+ 15. Kh1 Nf2+
0-1

[Event "Szachy na pełnej kurwie (Single Version)"]
[Site "SchemingMind.com"]
[Date "2016.02.13"]
[Round "-"]
[White "Darnell"]
[Black "The Stonewall"]
[Result "0-1"]
[WhiteCountry "CAN"]
[BlackCountry "ENG"]
[WhiteElo "1584"]
[WhiteRD "79"]
[BlackElo "2238"]
[BlackRD "77"]
[GameID "395310"]

1. e4 c5 2. Nf3 e6 3. d4 cxd4 4. Nxd4 Nf6 5. Bd3 Nc6 6. Be3 d5 7. exd5 Nxd5 8. Nxc6 bxc6 9. Bd2 Rb8 10. b3 Qf6
0-1

[Event "Szachy na pełnej kurwie (Single Version)"]
[Site "SchemingMind.com"]
[Date "2016.02.13"]
[Round "-"]
[White "Scooter"]
[Black "The Stonewall"]
[Result "0-1"]
[WhiteCountry "USA"]
[BlackCountry "ENG"]
[WhiteElo "1712"]
[WhiteRD "48"]
[BlackElo "2243"]
[BlackRD "82"]
[GameID "395311"]

1. d4 c5 2. Nf3 cxd4 3. Nxd4 d5 4. Bf4 Nc6 5. e3 Qb6 6. b3 Nf6 7. Bb5 a6 8. Bxc6+ bxc6 9. O-O Bb7 10. Nd2 g6
11. c4 Bg7 12. cxd5 cxd5 13. Rc1 O-O 14. Bc7 Qb4 15. N2f3 e6 16. Ne5 Qe7 17. Ng4 Rfc8 18. Nxf6+ Bxf6 19. Bb6 Rxc1 20. Qxc1 Rc8
21. Qd2 e5 22. Nf3 Qe6 23. Ba5 Qc6 24. h3 Qb5 25. Bc3 d4 26. exd4 Bxf3 27. gxf3 exd4 28. Bb2 Rc5 29. Rc1 Rg5+ 30. Kh1 Qf5
0-1

[Event "Szachy na pełnej kurwie (Single Version)"]
[Site "SchemingMind.com"]
[Date "2016.02.13"]
[Round "-"]
[White "The Stonewall"]
[Black "Michal Drus"]
[Result "1-0"]
[WhiteCountry "ENG"]
[BlackCountry "POL"]
[WhiteElo "2238"]
[WhiteRD "77"]
[BlackElo "1444"]
[BlackRD "81"]
[GameID "395312"]

1. d4 d5 2. Bf4 c5 3. e4 Nf6 4. e5 Qa5+ 5. Bd2 Qb6 6. exf6 Qxb2 7. Bc3 Qb6 8. fxg7 Bxg7 9. dxc5 Qe6+ 10. Ne2 Bxc3+
11. Nxc3 d4 12. Qxd4 f6 13. Nd5 Nc6 14. Nc7+ Kf7 15. Nxe6 Nxd4 16. N6xd4 Bd7 17. Ng3 Rad8 18. Bc4+ e6 19. O-O-O Ba4 20. Bxe6+ Kg6
21. Rhe1 Bd7 22. Bxd7 Rxd7 23. Nb3
1-0

[Event "Szachy na pełnej kurwie (Single Version)"]
[Site "SchemingMind.com"]
[Date "2016.02.18"]
[Round "-"]
[White "The Stonewall"]
[Black "fanfan_la_Tulipe"]
[Result "1-0"]
[WhiteCountry "ENG"]
[BlackCountry "AUT"]
[WhiteElo "2268"]
[WhiteRD "84"]
[BlackElo "2177"]
[BlackRD "82"]
[GameID "395313"]

1. c4 e5 2. g3 Nf6 3. Bg2 d5 4. cxd5 Nxd5 5. Nf3 Nc6 6. O-O Be7 7. d4 e4 8. Ne5 f5 9. Nxc6 bxc6 10. Nc3 O-O
11. Qa4 Qd6 12. Nxd5 cxd5 13. Bf4 Qb6 14. Rac1 c5 15. dxc5 Bxc5 16. b4 Be7 17. Rc7 Bf6 18. Rfc1 Ba6 19. R1c6 Bb5 20. Rxb6 Bxa4
21. Rbb7 a6 22. Bh3 g6 23. Rxh7 Bc6 24. Rbc7 Bb5 25. Rh6 Be8 26. Bd6 Bg7 27. Bxf8 Bxf8 28. Rhh7 Bb5 29. g4 f4 30. g5 Re8
31. Bd7 Bxd7 32. Rhxd7 Re5 33. h4
1-0

[Event "Szachy na pełnej kurwie (Single Version)"]
[Site "SchemingMind.com"]
[Date "2016.02.18"]
[Round "-"]
[White "The Stonewall"]
[Black "frankly"]
[Result "0-1"]
[WhiteCountry "ENG"]
[BlackCountry "ENG"]
[WhiteElo "2263"]
[WhiteRD "82"]
[BlackElo "2466"]
[BlackRD "57"]
[GameID "395314"]

1. d4 Nf6 2. Bg5 d5 3. Bxf6 exf6 4. e3 c5 5. dxc5 Bxc5 6. Nc3 Be6 7. Bb5+ Nc6 8. Nge2 O-O 9. O-O Bd6 10. Qd2 a6
11. Ba4 Qc7 12. Kh1 Rad8 13. Rad1 Bc5 14. Bxc6 bxc6 15. Nd4 Rfe8 16. Qd3 Bg4 17. Rd2 a5 18. Nce2 Ba7 19. h3 Bc8 20. Rfd1 Bb8
21. Nf3 c5 22. b3 Bb7 23. Qb5 g6 24. Ng3 Qc8 25. Nf1 d4 26. Ng1 Kg7 27. Qxa5 Qc6 28. Nf3 Bc7 29. Qa3 Ra8 30. Qb2 Qe6
31. N1h2 Bxh2 32. Kxh2 Qd6+ 33. Kg1 Bxf3 34. gxf3 Re5
0-1

[Event "Szachy na pełnej kurwie (Single Version)"]
[Site "SchemingMind.com"]
[Date "2016.02.18"]
[Round "-"]
[White "DANDYLIONHONEYBADGER"]
[Black "The Stonewall"]
[Result "0-1"]
[WhiteCountry "USA"]
[BlackCountry "ENG"]
[WhiteElo "1331"]
[WhiteRD "62"]
[BlackElo "2240"]
[BlackRD "84"]
[GameID "395315"]

1. Nc3 Nf6 2. e4 e6 3. d4 d5 4. Bd3 Bb4 5. Ne2 dxe4 6. Bc4 Nc6 7. O-O O-O 8. a3 Bxc3 9. bxc3 Na5 10. Bd3 exd3
11. Qxd3 Bd7 12. Rb1 Bc6 13. Nf4 a6 14. Bd2 Bb5 15. Rxb5 axb5 16. Ne2 Nc4 17. Rb1 c6 18. Bg5 Qd5 19. h4 Ne4 20. Be3 Rxa3
21. Rb3 Ra1+ 22. Kh2 f5 23. Nf4 Qd6 24. f3 Nf6 25. d5 Nxd5 26. g3 Ndxe3 27. Qxd6 Nxd6 28. Nxe6 Re8 29. Nf4 Nxc2 30. Rb2 Ne1
31. Ng2 Nxf3+ 32. Kh3 Rh1#
0-1

[Event "Szachy na pełnej kurwie (Single Version)"]
[Site "SchemingMind.com"]
[Date "2016.02.14"]
[Round "-"]
[White "The Stonewall"]
[Black "redmike"]
[Result "1-0"]
[WhiteCountry "ENG"]
[BlackCountry "SCO"]
[WhiteElo "2268"]
[WhiteRD "84"]
[BlackElo "1907"]
[BlackRD "65"]
[GameID "395316"]

1. d4 Nf6 2. c4 g6 3. Nc3 Bg7 4. e4 d6 5. f3 O-O 6. Be3 Nc6 7. Nge2 a6 8. Qd2 Rb8 9. Rc1 Re8 10. b3 e5
11. d5 Ne7 12. Ng3 Nd7 13. Be2 f5 14. exf5 gxf5 15. Nh5 f4 16. Bf2 Nf6 17. Nxf6+ Bxf6 18. c5 Nf5 19. Ne4 Nd4 20. cxd6 cxd6
21. Bxd4 exd4 22. Qxf4 Be5 23. Qd2 Bf5 24. g3 Bxe4 25. fxe4 Rf8 26. Bg4 Kh8 27. Bf5 Rf7 28. O-O Rc7 29. Be6 Bg7 30. Rce1 Qe7
31. Rf7
1-0

[Event "Szachy na pełnej kurwie (Single Version)"]
[Site "SchemingMind.com"]
[Date "2016.02.15"]
[Round "-"]
[White "Transcendent"]
[Black "smothered mate"]
[Result "0-1"]
[WhiteCountry "ENG"]
[BlackCountry "POL"]
[WhiteElo "1417"]
[WhiteRD "62"]
[BlackElo "1995"]
[BlackRD "84"]
[GameID "395392"]

1. d4 Nf6 2. c4 c5 3. d5 b5 4. cxb5 a6 5. bxa6 g6 6. g3 Bg7 7. Bg2 d6 8. Nc3 O-O 9. Nf3 Bxa6 10. O-O Ne8
11. Qc2 Nc7 12. Rd1 Nd7 13. Rb1 Ra7 14. b3 Qa8 15. e4 Rb8 16. Bb2 Rb4 17. Ne2 Bxe2 18. Qxe2 Rxa2 19. Rd2 Rxb3 20. Bxg7 Rxb1+
21. Bf1 Rxd2
0-1